[Event "Limba Open M"]
[Site "Poronin"]
[Date "2021.05.28"]
[Round "9.29"]
[White "Mirski, Michal"]
[Black "Majek, Kacper"]
[Result "1/2-1/2"]
[BlackElo "2061"]
[WhiteElo "2009"]
[LiveChessVersion "1.4.8"]

1. e4 {[%clk 1:30:58]} e5 {[%clk 1:30:56]} 2. Nf3 {[%clk 1:31:22]} Nc6
{[%clk 1:31:15]} 3. Bc4 {[%clk 1:31:47]} Bc5 {[%clk 1:31:38]} 4. d3
{[%clk 1:32:08]} Nf6 5. O-O d6 {[%clk 1:32:15]} 6. c3 {[%clk 1:32:29]} O-O
{[%clk 1:32:31]} 7. Bb3 {[%clk 1:31:49]} a6 {[%clk 1:32:40]} 8. Nbd2
{[%clk 1:31:43]} Ba7 {[%clk 1:32:52]} 9. Re1 {[%clk 1:27:45]} Ng4
{[%clk 1:33:04]} 10. Re2 {[%clk 1:25:59]} Kh8 {[%clk 1:33:21]} 11. Nf1
{[%clk 1:22:57]} f5 {[%clk 1:32:15]} 12. exf5 {[%clk 1:20:46]} Bxf5
{[%clk 1:23:19]} 13. Ng3 {[%clk 1:17:31]} Bg6 {[%clk 1:17:09]} 14. d4
{[%clk 1:06:41]} exd4 {[%clk 1:12:54]} 15. Bg5 {[%clk 1:05:45]} d3
{[%clk 1:06:46]} 16. Bxd8 {[%clk 1:01:39]} dxe2 {[%clk 1:06:17]} 17. Qxe2
{[%clk 0:59:33]} Raxd8 {[%clk 1:06:06]} 18. Rf1 {[%clk 0:56:10]} Rde8
{[%clk 1:04:24]} 19. Qd2 {[%clk 0:53:05]} Nce5 {[%clk 1:00:29]} 20. Bd1
{[%clk 0:44:13]} Nxf2 {[%clk 0:49:45]} 21. Nd4 {[%clk 0:27:07]} Nc4
{[%clk 0:43:40]} 22. Qc1 {[%clk 0:20:52]} Nd3 {[%clk 0:38:34]} 23. Rxf8+
{[%clk 0:19:41]} Rxf8 {[%clk 0:39:02]} 24. Qg5 {[%clk 0:19:31]} Ndxb2
{[%clk 0:28:48]} 25. Bh5 {[%clk 0:18:24]} Ne5 {[%clk 0:24:33]} 26. Qe7
{[%clk 0:16:28]} Rg8 {[%clk 0:15:12]} 27. Bxg6 {[%clk 0:15:15]} Nxg6
{[%clk 0:15:36]} 28. Qxc7 {[%clk 0:15:28]} Bc5 {[%clk 0:13:34]} 29. Qxb7
{[%clk 0:15:06]} Nd1 {[%clk 0:11:31]} 30. Qf3 {[%clk 0:14:39]} Nb2
{[%clk 0:11:57]} 31. Qe2 {[%clk 0:14:56]} Rb8 {[%clk 0:10:20]} 32. Qxa6
{[%clk 0:13:01]} Nf4 {[%clk 0:10:39]} 33. Qf1 {[%clk 0:02:54]} Nbd3
{[%clk 0:11:02]} 34. Ne4 {[%clk 0:02:03]} Re8 {[%clk 0:03:10]} 35. Nxc5
{[%clk 0:01:06]} dxc5 {[%clk 0:03:26]} 36. Nf3 {[%clk 0:00:49]} c4
{[%clk 0:03:17]} 37. a4 {[%clk 0:00:41]} Ne2+ {[%clk 0:03:19]} 38. Kh1
{[%clk 0:01:08]} Nxc3 {[%clk 0:03:46]} 39. a5 {[%clk 0:01:31]} Ne2
{[%clk 0:00:48]} 40. g3 {[%clk 0:30:38]} c3 {[%clk 0:30:56]} 41. Qb1
{[%clk 0:29:08]} Nb4 {[%clk 0:10:01]} 42. Ne1 {[%clk 0:28:29]} Nc6
{[%clk 0:07:14]} 43. a6 {[%clk 0:21:23]} Ned4 {[%clk 0:07:07]} 44. Nc2
{[%clk 0:16:57]} h6 {[%clk 0:07:28]} 45. Na3 {[%clk 0:10:20]} Re2
{[%clk 0:06:08]} 46. Qb7 {[%clk 0:02:03]} Kh7 {[%clk 0:04:11]} 47. Kg1
{[%clk 0:01:13]} Ra2 {[%clk 0:01:24]} 48. Qb1+ {[%clk 0:00:51]} c2
{[%clk 0:01:50]} 49. Nxc2 {[%clk 0:01:12]} Rxc2 {[%clk 0:02:15]} 50. Qb7
{[%clk 0:01:19]} Ra2 {[%clk 0:01:18]} 51. h3 {[%clk 0:01:26]} Kg6
{[%clk 0:01:10]} 52. Qb1+ {[%clk 0:01:17]} Rc2 {[%clk 0:01:38]} 53. Qb7
{[%clk 0:01:34]} Ra2 {[%clk 0:01:35]} 54. Qb1+ {[%clk 0:02:02]} Rc2
{[%clk 0:01:56]} 55. Qb7 1/2-1/2

[Event "Limba Open M"]
[Site "Poronin"]
[Date "2021.05.28"]
[Round "9.31"]
[White "Zysko, Jan"]
[Black "Adamczyk, Zuzanna"]
[Result "0-1"]
[BlackElo "1933"]
[WhiteElo "2145"]
[LiveChessVersion "1.4.8"]

1. e4 {[%clk 1:30:30]} c6 {[%clk 1:30:30]} 2. d4 {[%clk 1:30:19]} d5
{[%clk 1:31:18]} 3. Nd2 {[%clk 1:30:41]} dxe4 {[%clk 1:31:38]} 4. Nxe4
{[%clk 1:31:07]} Nf6 {[%clk 1:31:56]} 5. Nxf6+ {[%clk 1:30:31]} exf6
{[%clk 1:32:19]} 6. c3 {[%clk 1:29:37]} Bd6 {[%clk 1:31:38]} 7. Bd3
{[%clk 1:29:15]} O-O {[%clk 1:31:51]} 8. Qc2 {[%clk 1:29:12]} Re8+
{[%clk 1:32:09]} 9. Ne2 {[%clk 1:29:30]} h5 {[%clk 1:32:07]} 10. Be3
{[%clk 1:28:53]} Nd7 {[%clk 1:31:27]} 11. Ng3 {[%clk 1:20:25]} Bf4
{[%clk 1:20:58]} 12. Nxh5 {[%clk 1:11:39]} Bxe3 {[%clk 1:20:33]} 13. fxe3
{[%clk 1:12:04]} Rxe3+ {[%clk 1:16:51]} 14. Kf2 {[%clk 1:06:52]} Re8
{[%clk 1:11:54]} 15. Rhe1 {[%clk 1:06:20]} Rxe1 {[%clk 1:09:10]} 16. Rxe1
{[%clk 1:06:48]} Nf8 {[%clk 1:09:14]} 17. Kg1 {[%clk 0:54:09]} Bg4
{[%clk 1:04:29]} 18. Ng3 {[%clk 0:53:06]} Qd5 {[%clk 0:52:13]} 19. b3
{[%clk 0:46:58]} Be6 {[%clk 0:45:22]} 20. Be4 {[%clk 0:37:44]} Qg5
{[%clk 0:40:14]} 21. Qf2 {[%clk 0:33:09]} Rd8 {[%clk 0:37:56]} 22. Rd1
{[%clk 0:20:59]} Bg4 {[%clk 0:31:59]} 23. Rd2 {[%clk 0:19:10]} Qa5
{[%clk 0:24:58]} 24. h3 {[%clk 0:17:24]} Be6 {[%clk 0:22:16]} 25. c4
{[%clk 0:17:18]} Ng6 {[%clk 0:14:51]} 26. Qe3 {[%clk 0:10:57]} f5
{[%clk 0:12:14]} 27. b4 {[%clk 0:00:46]} Qxb4 {[%clk 0:11:28]} 28. Nxf5
{[%clk 0:01:02]} Qxc4 {[%clk 0:10:00]} 29. Rb2 {[%clk 0:00:42]} b6
{[%clk 0:07:54]} 30. Rc2 {[%clk 0:00:47]} Qa4 {[%clk 0:07:42]} 31. Nh6+
{[%clk 0:00:33]} gxh6 {[%clk 0:07:11]} 32. Bxg6 {[%clk 0:00:55]} Qxd4
{[%clk 0:07:05]} 33. Qxd4 {[%clk 0:01:23]} Rxd4 {[%clk 0:07:25]} 34. Rxc6
{[%clk 0:01:50]} Bxa2 {[%clk 0:04:11]} 35. Bf5 {[%clk 0:01:52]} Kg7
{[%clk 0:04:06]} 36. Rc7 {[%clk 0:01:55]} a5 {[%clk 0:04:08]} 37. Rb7
{[%clk 0:02:24]} Rb4 {[%clk 0:04:01]} 38. Kf2 {[%clk 0:02:52]} Rf4+
{[%clk 0:04:03]} 0-1

[Event "Limba Open M"]
[Site "Poronin"]
[Date "2021.05.28"]
[Round "9.32"]
[White "Kaliszuk, Kamil"]
[Black "Malaczek, Mateusz"]
[Result "1/2-1/2"]
[BlackElo "2043"]
[WhiteElo "1956"]
[LiveChessVersion "1.4.8"]

1. d4 {[%clk 1:30:56]} g6 {[%clk 1:30:56]} 2. c4 {[%clk 1:30:52]} Bg7
{[%clk 1:31:22]} 3. e4 {[%clk 1:29:43]} d6 {[%clk 1:31:46]} 4. Nc3
{[%clk 1:29:50]} e5 {[%clk 1:32:10]} 5. Nf3 {[%clk 1:29:25]} Nc6 {[%clk 1:32:30]}
6. Bg5 {[%clk 1:28:54]} f6 {[%clk 1:32:54]} 7. Be3 {[%clk 1:29:14]} Nh6
{[%clk 1:33:18]} 8. dxe5 {[%clk 1:29:21]} dxe5 {[%clk 1:33:42]} 9. Qxd8+
{[%clk 1:29:33]} Kxd8 {[%clk 1:34:09]} 10. O-O-O+ {[%clk 1:29:53]} Bd7
{[%clk 1:34:23]} 11. h3 {[%clk 1:30:08]} Nf7 {[%clk 1:31:53]} 12. c5
{[%clk 1:29:56]} Kc8 {[%clk 1:29:34]} 13. Bc4 {[%clk 1:29:02]} Ncd8
{[%clk 1:21:14]} 14. a4 {[%clk 1:28:45]} Be6 {[%clk 1:17:42]} 15. Nd2
{[%clk 1:27:38]} c6 {[%clk 1:00:45]} 16. Be2 {[%clk 1:27:21]} Kc7
{[%clk 0:46:41]} 17. a5 {[%clk 1:19:07]} Re8 {[%clk 0:34:09]} 18. Kc2
{[%clk 1:10:34]} Bf8 {[%clk 0:30:01]} 19. b4 {[%clk 1:03:35]} Bd7
{[%clk 0:22:00]} 20. b5 {[%clk 0:49:19]} Ne6 {[%clk 0:13:51]} 21. b6+
{[%clk 0:48:07]} Kc8 {[%clk 0:13:10]} 22. Nb3 {[%clk 0:44:23]} axb6
{[%clk 0:10:39]} 23. axb6 {[%clk 0:42:30]} Rd8 {[%clk 0:03:47]} 24. Bc4
{[%clk 0:41:09]} Re8 {[%clk 0:01:17]} 25. Ra1 {[%clk 0:34:08]} Rxa1
{[%clk 0:01:23]} 26. Rxa1 {[%clk 0:34:36]} Kb8 {[%clk 0:01:48]} 27. Ra7
{[%clk 0:34:50]} Nfd8 {[%clk 0:01:41]} 28. Ra1 {[%clk 0:33:07]} Nf4
{[%clk 0:01:19]} 29. Bxf4 {[%clk 0:32:41]} exf4 {[%clk 0:01:45]} 30. Rd1
{[%clk 0:33:08]} Kc8 {[%clk 0:01:49]} 31. Ra1 {[%clk 0:27:25]} Kb8
{[%clk 0:02:15]} 32. Rd1 {[%clk 0:26:46]} Kc8 {[%clk 0:02:42]} 33. Ra1 1/2-1/2

[Event "Limba Open M"]
[Site "Poronin"]
[Date "2021.05.28"]
[Round "9.33"]
[White "Szczotka, Klara"]
[Black "Sliwerski, Radoslaw"]
[Result "1-0"]
[BlackElo "2035"]
[WhiteElo "1948"]
[LiveChessVersion "1.4.8"]

1. e4 {[%clk 1:30:58]} c5 {[%clk 1:30:47]} 2. Nf3 {[%clk 1:31:23]} d6
{[%clk 1:31:07]} 3. Bb5+ {[%clk 1:31:36]} Nd7 {[%clk 1:31:26]} 4. O-O
{[%clk 1:31:34]} a6 {[%clk 1:31:38]} 5. Bd3 {[%clk 1:31:55]} Ngf6
{[%clk 1:31:48]} 6. c3 {[%clk 1:31:43]} b5 {[%clk 1:32:11]} 7. Re1
{[%clk 1:26:48]} c4 {[%clk 1:32:32]} 8. Bc2 {[%clk 1:27:15]} Bb7 {[%clk 1:32:55]}
9. d4 {[%clk 1:26:54]} cxd3 {[%clk 1:33:15]} 10. Bxd3 {[%clk 1:27:21]} e5
{[%clk 1:30:50]} 11. a4 {[%clk 1:21:39]} Be7 {[%clk 1:30:18]} 12. axb5
{[%clk 1:21:36]} axb5 {[%clk 1:30:39]} 13. Rxa8 {[%clk 1:19:05]} Qxa8
{[%clk 1:31:02]} 14. Nbd2 {[%clk 1:19:10]} O-O {[%clk 1:28:25]} 15. b4
{[%clk 1:13:52]} Nb6 {[%clk 1:14:10]} 16. Bb2 {[%clk 1:12:07]} Qa2
{[%clk 1:09:06]} 17. Qb1 {[%clk 0:59:56]} Ra8 {[%clk 1:07:31]} 18. Bxb5
{[%clk 0:54:18]} Nxe4 {[%clk 1:01:57]} 19. Nxe4 {[%clk 0:52:01]} Qxb1
{[%clk 1:01:43]} 20. Rxb1 {[%clk 0:52:26]} Bxe4 {[%clk 1:02:06]} 21. Ra1
{[%clk 0:52:36]} Rxa1+ {[%clk 1:02:21]} 22. Bxa1 {[%clk 0:53:02]} Bd5
{[%clk 0:55:55]} 23. Bb2 {[%clk 0:44:52]} f5 {[%clk 0:49:03]} 24. Bc1
{[%clk 0:42:48]} f4 {[%clk 0:47:09]} 25. Nd2 {[%clk 0:40:13]} e4 {[%clk 0:45:16]}
26. c4 {[%clk 0:36:45]} Bb7 {[%clk 0:43:46]} 27. Nb3 {[%clk 0:35:51]} g5
{[%clk 0:43:20]} 28. Bb2 {[%clk 0:33:18]} Kf7 {[%clk 0:40:10]} 29. Bd4
{[%clk 0:33:34]} Nc8 {[%clk 0:40:18]} 30. Na5 {[%clk 0:33:37]} Ba8
{[%clk 0:39:15]} 31. Bd7 {[%clk 0:22:06]} d5 {[%clk 0:38:55]} 32. c5
{[%clk 0:18:50]} Na7 {[%clk 0:38:56]} 33. b5 {[%clk 0:19:12]} Bd8
{[%clk 0:38:41]} 34. b6 {[%clk 0:19:28]} Ke7 {[%clk 0:38:54]} 35. Ba4
{[%clk 0:19:34]} 1-0

[Event "Limba Open M"]
[Site "Poronin"]
[Date "2021.05.28"]
[Round "9.34"]
[White "Wojdak, Jan"]
[Black "Korpalski, Maciej"]
[Result "1-0"]
[BlackElo "1930"]
[WhiteElo "2005"]
[LiveChessVersion "1.4.8"]

1. e4 {[%clk 1:30:57]} e5 {[%clk 1:30:55]} 2. Nf3 {[%clk 1:31:22]} Nc6
{[%clk 1:31:21]} 3. Bb5 {[%clk 1:31:47]} a6 {[%clk 1:31:47]} 4. Ba4
{[%clk 1:32:12]} Nf6 {[%clk 1:32:13]} 5. O-O {[%clk 1:32:35]} b5 {[%clk 1:32:29]}
6. Bb3 {[%clk 1:33:00]} Be7 {[%clk 1:32:54]} 7. d3 {[%clk 1:31:50]} d6
{[%clk 1:32:35]} 8. a4 {[%clk 1:32:13]} Bb7 {[%clk 1:31:45]} 9. Re1
{[%clk 1:30:18]} Nb8 {[%clk 1:31:16]} 10. Nbd2 {[%clk 1:27:55]} O-O
{[%clk 1:31:25]} 11. Nf1 {[%clk 1:28:21]} Re8 {[%clk 1:30:43]} 12. Ng3
{[%clk 1:26:58]} g6 {[%clk 1:25:17]} 13. h3 {[%clk 1:18:45]} Bf8 {[%clk 1:25:13]}
14. Nh2 {[%clk 1:18:41]} h5 {[%clk 1:14:16]} 15. Bg5 {[%clk 1:19:03]} Nbd7
{[%clk 1:14:12]} 16. Qf3 {[%clk 1:12:20]} Bg7 {[%clk 1:12:39]} 17. axb5
{[%clk 1:10:32]} axb5 {[%clk 1:12:54]} 18. Nhf1 {[%clk 1:07:25]} Nc5
{[%clk 1:05:46]} 19. Rxa8 {[%clk 1:07:47]} Bxa8 {[%clk 1:06:11]} 20. Ba2
{[%clk 1:08:00]} c6 {[%clk 1:03:42]} 21. Ne3 {[%clk 1:06:29]} Ne6
{[%clk 1:01:26]} 22. h4 {[%clk 1:06:39]} Nd4 {[%clk 1:00:24]} 23. Qd1
{[%clk 1:06:57]} Qd7 {[%clk 0:59:34]} 24. c3 {[%clk 1:05:52]} Ne6
{[%clk 0:59:58]} 25. Qf3 {[%clk 0:33:42]} Nxg5 {[%clk 0:55:55]} 26. hxg5
{[%clk 0:33:16]} Nh7 {[%clk 0:56:18]} 27. Nxh5 {[%clk 0:33:05]} gxh5
{[%clk 0:56:43]} 28. g6 {[%clk 0:33:28]} Ng5 {[%clk 0:54:26]} 29. Qxh5
{[%clk 0:31:23]} Ne6 {[%clk 0:54:48]} 30. Nf5 {[%clk 0:29:44]} fxg6
{[%clk 0:40:54]} 31. Qxg6 {[%clk 0:30:10]} Kf8 {[%clk 0:41:15]} 32. Re3
{[%clk 0:25:21]} Nf4 {[%clk 0:41:35]} 33. Qh7 {[%clk 0:25:03]} d5
{[%clk 0:41:13]} 34. Rf3 {[%clk 0:21:34]} c5 {[%clk 0:22:18]} 35. g3
{[%clk 0:19:32]} c4 {[%clk 0:22:19]} 36. gxf4 {[%clk 0:17:25]} dxe4
{[%clk 0:21:14]} 37. Rg3 {[%clk 0:17:27]} exf4 {[%clk 0:10:29]} 38. Rxg7
{[%clk 0:17:50]} exd3 {[%clk 0:10:41]} 39. Rg8# {[%clk 0:18:13]} 1-0

[Event "Limba Open M"]
[Site "Poronin"]
[Date "2021.05.28"]
[Round "9.35"]
[White "Budkiewicz, Magdalena"]
[Black "Kroliczek, Gabriela"]
[Result "0-1"]
[BlackElo "1920"]
[WhiteElo "1984"]
[LiveChessVersion "1.4.8"]

1. e4 {[%clk 1:30:57]} e6 {[%clk 1:30:56]} 2. d4 {[%clk 1:31:13]} d5
{[%clk 1:31:22]} 3. Nd2 {[%clk 1:31:18]} c5 {[%clk 1:31:48]} 4. exd5
{[%clk 1:31:15]} Qxd5 {[%clk 1:32:12]} 5. Ngf3 {[%clk 1:31:29]} cxd4
{[%clk 1:32:37]} 6. Bc4 {[%clk 1:31:43]} Qd7 {[%clk 1:33:04]} 7. O-O
{[%clk 1:30:26]} Nc6 {[%clk 1:33:21]} 8. Nb3 {[%clk 1:30:34]} Nf6
{[%clk 1:33:47]} 9. Bg5 {[%clk 1:25:56]} a6 {[%clk 1:33:32]} 10. a4
{[%clk 1:22:09]} Ne4 {[%clk 1:17:55]} 11. Bf4 {[%clk 1:19:44]} Be7
{[%clk 1:09:25]} 12. Ne5 {[%clk 1:14:49]} Nxe5 {[%clk 1:03:59]} 13. Bxe5
{[%clk 1:15:03]} b6 {[%clk 0:43:27]} 14. Bxg7 {[%clk 0:56:39]} Rg8
{[%clk 0:43:44]} 15. Qxd4 {[%clk 0:56:32]} Qc6 {[%clk 0:39:33]} 16. Be2
{[%clk 0:43:57]} Bb7 {[%clk 0:36:59]} 17. f3 {[%clk 0:32:10]} Nc5
{[%clk 0:33:43]} 18. Kh1 {[%clk 0:31:33]} Rd8 {[%clk 0:23:14]} 19. Qc3
{[%clk 0:30:10]} Qd5 {[%clk 0:20:12]} 20. Nxc5 {[%clk 0:27:05]} bxc5
{[%clk 0:18:09]} 21. Bf6 {[%clk 0:23:54]} Rg6 {[%clk 0:15:01]} 22. Bxe7
{[%clk 0:23:46]} Kxe7 {[%clk 0:15:29]} 23. Bd3 {[%clk 0:21:46]} Rh6
{[%clk 0:14:41]} 24. Qg7 {[%clk 0:21:06]} Qh5 {[%clk 0:13:55]} 25. Qg3
{[%clk 0:21:20]} Rg8 {[%clk 0:10:18]} 26. Qf4 {[%clk 0:11:08]} e5
{[%clk 0:08:19]} 27. Rae1 {[%clk 0:11:29]} f6 {[%clk 0:06:27]} 28. h3
{[%clk 0:10:56]} Kf8 {[%clk 0:02:39]} 29. Qf5 {[%clk 0:08:03]} Qh4
{[%clk 0:02:08]} 30. Be4 {[%clk 0:05:21]} Rh5 {[%clk 0:01:15]} 31. Qd7
{[%clk 0:04:16]} Qg5 {[%clk 0:00:54]} 32. Qd8+ {[%clk 0:03:10]} Kg7
{[%clk 0:00:57]} 33. Qd7+ {[%clk 0:02:15]} Kh8 {[%clk 0:01:20]} 34. Re2
{[%clk 0:02:11]} Bc8 {[%clk 0:01:38]} 35. Qd2 {[%clk 0:01:39]} Qg3
{[%clk 0:00:55]} 36. Rd1 {[%clk 0:00:37]} Be6 {[%clk 0:00:33]} 37. Qe1
{[%clk 0:00:33]} Qg7 {[%clk 0:00:38]} 38. Bd5 {[%clk 0:00:32]} Bxh3
{[%clk 0:00:59]} 0-1

[Event "Limba Open M"]
[Site "Poronin"]
[Date "2021.05.28"]
[Round "9.36"]
[White "Sidorczuk, Pawel"]
[Black "Maciejewski, Kamil"]
[Result "1-0"]
[BlackElo "1969"]
[WhiteElo "1910"]
[LiveChessVersion "1.4.8"]

1. e4 {[%clk 1:30:59]} e5 {[%clk 1:30:48]} 2. Nf3 {[%clk 1:31:26]} Nc6
{[%clk 1:31:09]} 3. Bb5 {[%clk 1:31:53]} a6 {[%clk 1:31:26]} 4. Ba4
{[%clk 1:32:19]} Nf6 {[%clk 1:31:40]} 5. O-O {[%clk 1:32:44]} Be7
{[%clk 1:31:54]} 6. Re1 {[%clk 1:33:10]} b5 {[%clk 1:32:01]} 7. Bb3
{[%clk 1:33:36]} d6 {[%clk 1:32:12]} 8. c3 {[%clk 1:34:01]} O-O {[%clk 1:32:16]}
9. h3 {[%clk 1:34:26]} Nb8 {[%clk 1:32:21]} 10. d4 {[%clk 1:34:04]} Nbd7
{[%clk 1:32:42]} 11. Nbd2 {[%clk 1:34:25]} Bb7 {[%clk 1:32:45]} 12. Bc2
{[%clk 1:34:51]} Re8 {[%clk 1:32:58]} 13. Nf1 {[%clk 1:34:53]} Bf8
{[%clk 1:32:38]} 14. Ng3 {[%clk 1:35:18]} g6 {[%clk 1:32:48]} 15. b3
{[%clk 1:34:26]} Bg7 {[%clk 1:32:39]} 16. d5 {[%clk 1:28:42]} Nb6
{[%clk 1:24:18]} 17. Rb1 {[%clk 1:24:31]} Rb8 {[%clk 0:56:29]} 18. Qe2
{[%clk 1:14:35]} c6 {[%clk 0:38:57]} 19. c4 {[%clk 1:13:38]} cxd5
{[%clk 0:35:26]} 20. cxd5 {[%clk 1:12:47]} Rc8 {[%clk 0:30:33]} 21. Bd3
{[%clk 1:02:05]} Nfd7 {[%clk 0:24:07]} 22. Bd2 {[%clk 0:51:28]} Na8
{[%clk 0:12:46]} 23. a4 {[%clk 0:40:02]} bxa4 {[%clk 0:10:16]} 24. bxa4
{[%clk 0:40:00]} Nc5 {[%clk 0:10:05]} 25. Be3 {[%clk 0:38:51]} Nxd3
{[%clk 0:06:47]} 26. Qxd3 {[%clk 0:39:18]} Re7 {[%clk 0:06:36]} 27. Nd2
{[%clk 0:36:33]} Rec7 {[%clk 0:03:54]} 28. Rb2 {[%clk 0:25:14]} Rc1
{[%clk 0:02:37]} 29. Rxc1 {[%clk 0:25:25]} Rxc1+ {[%clk 0:03:06]} 30. Kh2
{[%clk 0:25:53]} Qc8 {[%clk 0:01:34]} 31. Qb3 {[%clk 0:25:08]} Rc7
{[%clk 0:01:35]} 32. f3 {[%clk 0:21:25]} h6 {[%clk 0:00:58]} 33. Bf2
{[%clk 0:20:45]} Bf6 {[%clk 0:00:42]} 34. Ngf1 {[%clk 0:20:02]} Bg5
{[%clk 0:00:46]} 35. Ne3 {[%clk 0:19:08]} Bf4+ {[%clk 0:00:33]} 36. g3
{[%clk 0:19:31]} Bxe3 {[%clk 0:00:39]} 37. Bxe3 {[%clk 0:19:58]} Kg7
{[%clk 0:00:31]} 38. Qb4 {[%clk 0:17:55]} Rd7 {[%clk 0:00:31]} 39. Nc4
{[%clk 0:18:14]} Qc7 {[%clk 0:00:33]} 40. f4 {[%clk 0:40:53]} f6 {[%clk 0:30:33]}
41. Nxd6 {[%clk 0:40:54]} Rxd6 {[%clk 0:25:36]} 42. Qxb7 {[%clk 0:38:05]} Rd7
{[%clk 0:24:08]} 43. Qxa8 {[%clk 0:37:39]} Qc3 {[%clk 0:23:55]} 44. Rb8
{[%clk 0:37:54]} Qc2+ {[%clk 0:23:15]} 45. Kg1 {[%clk 0:38:18]} Qd1+
{[%clk 0:23:24]} 46. Kg2 {[%clk 0:38:41]} Qe2+ {[%clk 0:22:44]} 47. Bf2
{[%clk 0:39:09]} Qxe4+ {[%clk 0:22:48]} 48. Kh2 {[%clk 0:39:37]} Qxd5
{[%clk 0:21:46]} 49. fxe5 {[%clk 0:39:38]} fxe5 {[%clk 0:20:29]} 50. Qxd5
{[%clk 0:39:48]} Rxd5 {[%clk 0:20:57]} 51. Rb7+ {[%clk 0:40:17]} Kg8
{[%clk 0:20:34]} 52. Rb6 {[%clk 0:40:38]} Ra5 {[%clk 0:20:43]} 53. Rxg6+
{[%clk 0:41:01]} Kf7 {[%clk 0:20:55]} 54. Rxh6 {[%clk 0:41:19]} Rxa4
{[%clk 0:21:23]} 55. g4 {[%clk 0:41:24]} a5 {[%clk 0:21:40]} 56. g5
{[%clk 0:41:36]} Ra2 {[%clk 0:21:42]} 57. Kg3 {[%clk 0:41:07]} a4
{[%clk 0:22:03]} 58. Rf6+ {[%clk 0:41:17]} Kg7 {[%clk 0:22:15]} 59. Re6
{[%clk 0:41:21]} Re2 {[%clk 0:22:34]} 60. Kf3 {[%clk 0:41:44]} 1-0

[Event "Limba Open M"]
[Site "Poronin"]
[Date "2021.05.28"]
[Round "9.37"]
[White "Malecki, Rafal"]
[Black "Musial, Igor"]
[Result "0-1"]
[BlackElo "1896"]
[WhiteElo "1959"]
[LiveChessVersion "1.4.8"]

1. Nf3 {[%clk 1:30:55]} Nf6 {[%clk 1:30:45]} 2. g3 {[%clk 1:31:18]} e6
{[%clk 1:30:40]} 3. Bg2 {[%clk 1:31:42]} c5 {[%clk 1:31:02]} 4. O-O
{[%clk 1:31:41]} Be7 {[%clk 1:31:28]} 5. d3 {[%clk 1:31:56]} Nc6 {[%clk 1:31:14]}
6. e4 {[%clk 1:32:00]} d6 {[%clk 1:30:23]} 7. Nbd2 {[%clk 1:29:02]} O-O
{[%clk 1:30:38]} 8. a4 {[%clk 1:24:39]} a6 {[%clk 1:30:20]} 9. Nc4
{[%clk 1:23:54]} d5 {[%clk 1:29:00]} 10. Ncd2 {[%clk 1:21:23]} Qc7
{[%clk 1:28:58]} 11. Re1 {[%clk 1:21:04]} dxe4 {[%clk 1:28:13]} 12. dxe4
{[%clk 1:20:29]} e5 {[%clk 1:28:35]} 13. c3 {[%clk 1:06:53]} h6 {[%clk 1:26:03]}
14. Nh4 {[%clk 1:02:17]} Be6 {[%clk 1:19:18]} 15. Nf5 {[%clk 0:58:35]} b5
{[%clk 1:17:42]} 16. axb5 {[%clk 0:57:26]} axb5 {[%clk 1:18:07]} 17. Rxa8
{[%clk 0:57:45]} Rxa8 {[%clk 1:18:36]} 18. Qf3 {[%clk 0:57:55]} Ra1
{[%clk 1:09:20]} 19. g4 {[%clk 0:46:32]} Nh7 {[%clk 0:55:48]} 20. Nf1
{[%clk 0:41:29]} Na5 {[%clk 0:48:56]} 21. Bd2 {[%clk 0:28:10]} Rxe1
{[%clk 0:48:30]} 22. Nxe7+ {[%clk 0:28:20]} Qxe7 {[%clk 0:48:53]} 23. Bxe1
{[%clk 0:28:46]} Nc4 {[%clk 0:48:08]} 24. b4 {[%clk 0:25:20]} cxb4
{[%clk 0:45:20]} 25. cxb4 {[%clk 0:25:41]} Ng5 {[%clk 0:39:40]} 26. Qe2
{[%clk 0:24:53]} Bd7 {[%clk 0:38:51]} 27. f3 {[%clk 0:20:14]} Ne6
{[%clk 0:39:02]} 28. Qa2 {[%clk 0:15:41]} Qd6 {[%clk 0:33:21]} 29. Bc3
{[%clk 0:11:38]} Qd3 {[%clk 0:18:44]} 30. Be1 {[%clk 0:11:47]} Nd4
{[%clk 0:14:54]} 31. Qf2 {[%clk 0:08:51]} Qd1 {[%clk 0:13:01]} 32. Qh4
{[%clk 0:03:34]} Ne2+ {[%clk 0:06:20]} 33. Kh1 {[%clk 0:02:50]} Nf4
{[%clk 0:06:27]} 34. Bg3 {[%clk 0:00:47]} Ne3 {[%clk 0:05:17]} 35. Bxf4
{[%clk 0:00:48]} Nxf1 {[%clk 0:05:32]} 36. Qd8+ {[%clk 0:00:32]} Kh7
{[%clk 0:05:56]} 37. Kg1 {[%clk 0:00:43]} Ne3+ {[%clk 0:06:10]} 38. Kf2
{[%clk 0:01:09]} exf4 {[%clk 0:06:27]} 0-1